Every time you go away

Bibliographic Details
Main Author: Harbison, Beth
Format: Book
Published: New York : St. Martin's Griffin , 2018
Subjects:

MARC

LEADER 00000cam a2200000 7i4500
001 0000278587
005 20201210094444.0
020 |a 9781250043870 
090 0 |a F   |b HAR 
100 1 |a Harbison, Beth 
245 1 0 |a Every time you go away   |c Beth Harbison 
260 |a New York :   |b St. Martin's Griffin ,   |c 2018 
300 |a 293p. ;   |c 21cm. 
650 0 |a Fiction 
999 |a 00385713   |b BUKU   |c PINJAMAN   |e PERPUSTAKAAN KOMUNITI PETALING JAYA